000 00747nam a2200217 a 4500
001 000036907
005 20240510073819.0
008 120206s2012 dr ac 000 0 spa d
020 _a9789945005271
040 _aDO-SdBNP
_bspa
_cBNPHU
082 _a271.9
_bV468t
100 1 _aVentura, Abel
_916030
245 1 0 _aThelma una pastora ejemplar.
260 _aSan Francisco de Macorís, República Dominicana :
_b[s.n.],
_c2012.
300 _a148 p. :
_bil., retrs. ;
_c23 cm.
590 _aInventariado, 2018/ YL
500 _aLa biblioteca posee tres (3) ejemplares autografíados por el autor.
600 1 4 _aDILONÉ DE VENTURA, THELMA CARIDAD,
_d1929-2004
_963298
650 0 _aVida cristiana
_9668
910 _aValidado. Control de calidad EMS
999 _c36397
_d36397